000 00702nam a2200193 4500
008 160502b xxu||||| |||| 00| 0 eng d
020 _a971234455X
082 _22006
_aDFil 338.5
_bP14i
100 _97262
_aPagoso, Cristobal M.
245 _aIntroductory microeconomics/
_cCristobal M. Pagoso, Rosemary P. Dinio and George A. Villasis.
250 _aThird Edition
260 _aManila:
_bRex Book Store,
_cc2006.
300 _axiii, 262 pages:
_bIllustrations;
_c26 cm.
500 _aIncludes appendix, bibliographical references and index.
650 0 _97263
_aMicroeconomics
700 _97264
_aDinio, Rosemary P.
_eAuthor
700 _97265
_aVillasis, George A.
_eAuthor
942 _2ddc
_cDFIL
999 _c2220
_d2220